|
|
|
|
| LEADER |
00000cac a2200000 a 4500 |
| 001 |
69509 |
| 003 |
Ucuenca |
| 005 |
20230308161707.0 |
| 008 |
002030|1999 ||||||||r|||||||||||spa|| |
| 020 |
|
|
|a 8474326753
|
| 040 |
|
|
|b spa
|
| 041 |
1 |
|
|a spa
|
| 082 |
0 |
|
|a 419
|
| 100 |
1 |
|
|a Harris, Roy
|9 28311
|
| 245 |
|
|
|a Signos de escritura
|c Roy Harris. Traductora Patricia Willson
|h imp
|
| 264 |
|
|
|a Barcelona
|b Gedisa Editorial
|c 1999
|
| 300 |
|
|
|a 253 páginas:
|b ilu
|c 22.5 cm
|
| 490 |
|
|
|a Lenguaje escritura alfabetización
|n no. 13
|
| 504 |
|
|
|a incl. ref.
|
| 650 |
|
|
|a Signos de escritura
|9 28312
|
| 650 |
|
|
|a Teoria de la comunicacion escrita
|9 28313
|
| 650 |
|
|
|a Teoria de los sistemas de escritura
|9 28314
|
| 852 |
|
|
|a UC-CDJBV
|f Compra
|k npena
|l 1
|m General
|p 20020301
|q 26,43
|r 2
|t 69509
|y 115178
|b 0
|d CDRC
|e CDRC
|g 419 SEGUNDO PISO
|z 2002-20-30
|
| 942 |
|
|
|c CR
|0 1
|
| 999 |
|
|
|c 15450
|d 15450
|